Responses for Show #5027 - Tuesday, June 20, 2006

Contestants

[<< previous game]

Clark Floyd, an accountant from Savannah, Georgia

Sioux Stoeckle, an English professor from Blythe, California

Josh Kennedy, a bartender from Trenton, New Jersey (whose 2-day cash winnings total $55,600)

[next game >>]

Jeopardy! Round responses

ANCIENT TIMES
BASEBALL RECORD BREAKERS
ANIMALS ON THE CHINESE CALENDAR
AMERICAN GEOGRAPHY
CARS IN THE DICTIONARY
"D" BRIEFING
    $200 26
honey

Sioux
    $200 2
Nolan Ryan

Clark
    $200 20
a rabbit (or a wabbit)

Sioux
    $200 1
Ontario

Clark
    $200 11
a Corvette

Josh
    $200 16
Dopey

Josh
    $400 27
throwing a discus

Sioux
    $400 3
Pete Rose

Clark
    $400 22
a rat

Clark
    $400 7
Hollywood

Josh
    $400 12
an Accord

Josh
    $400 17
devil's food

Josh
    $600 28
Gaul

Sioux
    $600 4
Ichiro

Josh
    $600 23
a snake

Sioux
    $600 8
Massachusetts

Josh
    $600 13
a Thunderbird

Josh
    $600 18
Denmark

Sioux
    $800 29
(Josh: What is white land?)
(Sioux: What is dry?)

red land

JoshSioux
Triple Stumper
    $800 5
Greg Maddux

Clark
    $800 24
the Dragon

Clark
    $1,500 9
Detroit & Des Moines

Josh
    $800 14
(Josh: What is an Altima?)

a Maxima

Josh
Triple Stumper
    $800 19
deferments

Clark
    $1000 30
(Alex: It was "7 Against [*]." In Egypt.)
[ERRATUM: The Thebes in "7 Against Thebes" was Thebes, Greece, not Thebes, Egypt.]

Thebes

Triple Stumper
    $1000 6
(Clark: Who is Dante Bichette?)

Larry Walker

JoshClark
    $1000 25
a monkey

Josh
    $1000 10
(Josh: What is St. Louis?)
(Sioux: What is St. Joseph?)

Independence

JoshSioux
Triple Stumper
    $1000 15
a Golf

Josh
    $1000 21
a dodecahedron

Josh

Scores at the first commercial break (after clue 15):

Josh Sioux Clark
$4,500 -$1,000 $600

Scores at the end of the Jeopardy! Round:

Josh Sioux Clark
$6,300 $800 $2,600

Double Jeopardy! Round responses

CHEMISTRY
SEASONAL ACTING
DURING THE FILLMORE PRESIDENCY
BRANDS
LITERARY JOHNS
SUPERHERO BEFORE & AFTER
    $400 3
nylon

Sioux
    $400 22
Rick Springfield

Clark
    $400 16
California

Josh
    $400 11
Colombian

Clark
    $400 1
Johnny Appleseed

Josh
    $400 21
(Josh: Who is Iron Man?)

Pumping Iron Man

JoshSioux
    $800 6
[NOTE: Alex mispronounces "mauve" when reading the clue.]

dye

Josh
    $800 23
Jonathan Winters

Clark
    $800 17
(Sioux: Who is John Wilkes Booth?)

Edwin Booth

JoshSioux
    $800 12
Kix

Josh
    $800 2
John Irving

Clark
    $800 27
Truth or Daredevil

Josh
    $1200 7
shells

Clark
    $1200 24
Elke Sommer

Clark
    $1200 18
"Go West, young man"

Clark
    $1200 13
Carlsberg

Josh
    $1200 4
John Milton

Clark
    $1200 28
(Josh: What is "O Captain! America"?)

"O Captain! My Captain! America"

JoshClark
    $4,000 8
polysaccharides

Clark
    $1600 25
The Fall Guy

Clark
    $5,000 19
(Alex: That's it. Hence [*]'s Cup. $20,000 for you.)

the America

Clark
    $1600 14
Chiclets

Josh
    $1600 5
(Sioux: Who is John Donne?)

John Keats

SiouxClark
    $1600 29
The Absent-Minded Professor X

Triple Stumper
    $2000 9
Lavoisier

Clark
    $2000 26
Shelley Winters

Clark
    $2000 20
(Josh: Who is Zachary Taylor?)

Winfield Scott

Josh
Triple Stumper
    $2000 15
(Clark: What is Gilette?)

Norelco

JoshClark
    $2000 10
John Gray

Clark
    $2000 30
30 pieces of Silver Surfer

Triple Stumper

Scores at the end of the Double Jeopardy! Round:

Josh Sioux Clark
$11,500 -$800 $27,200
(lock game)

[wagering suggestions for these scores]

Final Jeopardy! Round responses

NATIONAL NAMES
(Alex: Clark was worried earlier, ladies and gentlemen, not about how he would play the game, but about the facial expressions he would be making during the game!)
JoshWhat are Spain and Greece
$11,499
ClarkWhat are France and Spain
$1,000
(2 of) France, Greece, & Spain

Final scores:

Josh Sioux Clark
$22,999 -$800 $28,200
2nd place: $2,000 3rd place: $1,000 New champion: $28,200

Game dynamics:

Coryat scores:

Josh Sioux Clark
$10,800 -$800 $21,400
22 R
(including 1 DD),
6 W
8 R,
4 W
23 R
(including 2 DDs),
2 W

Combined Coryat: $31,400

[game clues] [game scores] [suggest correction]

Game tape date: Unknown
The J! Archive is created by fans, for fans. Scraping, republication, monetization, and malicious use prohibited; this site may use cookies and collect identifying information. See terms. The Jeopardy! game show and all elements thereof, including but not limited to copyright and trademark thereto, are the property of Jeopardy Productions, Inc. and are protected under law. This website is not affiliated with, sponsored by, or operated by Jeopardy Productions, Inc. Join the discussion at JBoard.tv.